| 000 | 00479pab a2200181 454500 | ||
|---|---|---|---|
| 008 | 180718b2000 xxu||||| |||| 00| 0 eng d | ||
| 100 | _aVidhu Mohan | ||
| 245 | _aEffects of locus of control and motives on stress and effectiveness: a study of women managers | ||
| 260 | _c2000 | ||
| 300 | _ap.41-47 | ||
| 362 | _aJan-Jun | ||
| 650 | _aManagers | ||
| 650 | _aWomen executives | ||
| 700 | _aChauhan, S.P. | ||
| 700 | _aChauhan, Daisy | ||
| 773 | _aVision | ||
| 909 | _a45769 | ||
| 999 |
_c45769 _d45769 |
||